Common cause magazine

"People, power, and politics in Washington."

Detalles Bibliográficos
Título anterior:Common cause (Washington, D.C.)
Autor Corporativo: Common Cause (U.S.)
Formato: Electrónico Revista
Lenguaje:inglés
Publicado: Washington, D.C. : Common Cause, ©1983-©1996.
Materias:
Acceso en línea:Full text available from Research Library: 01/01/1991 to 04/30/1996

MARC

LEADER 00000nas a2200000 a 4500
001 ssj0001920
003 WaSeSS
005 20200512172242.0
006 m d
007 cr n
008 840605d19831996dcuqr p s 0 a0eng c
010 |a  85642894  
022 |l 0884-6537  |y 0884-6537 
035 |a (WaSeSS)ssj0001920 
040 |a FXG  |b eng  |c FXG  |d DLC  |d NSD  |d OCL  |d NYG  |d NST  |d COO  |d HUL  |d NST  |d NSD  |d NST  |d HUL  |d IUL  |d NST  |d DLC  |d NST  |d WAU  |d DLC  |d IUL  |d HLS  |d GUA  |d DLC  |d OCLCQ  |d U9S  |d OCLCQ  |d OCLCF  |d ORZ  |d OCLCO  |d OCL  |d PAU  |d OCLCQ  |d OCLCA  |d WaSeSS 
042 |a pcc  |a nsdp 
043 |a n-us--- 
050 0 0 |a JK1  |b .C636 
082 0 0 |a 320.973/05  |2 19 
210 0 |a Common cause mag. 
222 0 |a Common cause magazine 
245 0 0 |a Common cause magazine  |h [electronic resource]. 
260 |a Washington, D.C. :  |b Common Cause,  |c ©1983-©1996. 
310 |a Quarterly,  |b 1991- 
321 |a Bimonthly,  |b 1983-1990 
362 0 |a Vol. 9, no. 4 (July/Aug. 1983)-v. 22, no. 1 (spring/summer 1996). 
500 |a Title from cover. 
506 |a License restrictions may limit access. 
520 |a "People, power, and politics in Washington." 
648 7 |a 1945-1989  |2 fast 
650 0 |a Political participation  |z United States  |v Periodicals. 
650 6 |a Participation politique  |z États-Unis  |v Périodiques. 
650 7 |a Political participation.  |2 fast  |0 (OCoLC)fst01069386 
650 7 |a Politics and government  |2 fast  |0 (OCoLC)fst01919741 
651 0 |a United States  |x Politics and government  |y 1945-1989  |v Periodicals. 
651 6 |a États-Unis  |x Politique et gouvernement  |y 1945-1989  |v Périodiques. 
651 7 |a United States.  |2 fast  |0 (OCoLC)fst01204155 
655 0 |a Electronic journals. 
710 2 |a Common Cause (U.S.) 
780 0 0 |t Common cause (Washington, D.C.)  |x 0271-9592  |w (DLC) 81641136  |w (OCoLC)6742658 
850 |a AAP  |a ArU  |a C  |a CSt  |a CU-SB  |a CoU  |a DLC  |a FU  |a GU  |a ICU  |a IaAS  |a InU  |a KMK  |a KU-S  |a KyLoU  |a MH  |a MH-KG  |a MiDW  |a MiEM  |a MnU  |a MoU  |a N  |a NCH  |a NIC  |a NNC  |a NRU  |a NjP  |a NjR  |a NvU  |a OrU  |a P  |a TU  |a TxDaM  |a ViBlbV  |a ViW  |a WaU 
853 2 0 |8 1  |a v.  |b no.  |u 6  |v r  |i (year)  |j (month)  |w b 
856 4 0 |z Full text available from Research Library: 01/01/1991 to 04/30/1996  |u https://search.proquest.com/publication/37242 
863 4 1 |8 1.1  |a 11  |b 1  |i 1985  |j 01/02